000 01414nam a22002897a 4500
003 OSt
005 20230516104316.0
008 230516b |||||||| |||| 00| 0 eng d
040 _cLado V
082 _2708
_aK82f
100 _9826
_aKontova, Helena
_eeditora
245 _aFlashArt/
260 _aAustralia
_aAustria
_aBelgica
_aCanada
_aFrancia
_aAlemania
_aGran Bretaña
_aHolanda
_aItalia
_aEspaña
_aIrlanda
_bGEA POLITI
_c2002
300 _a104p.
_c20.5x27.5cm
490 _a222
_vXXXIV
_x0394-1493
505 _aFlash Art News
_tNew York Contemporary Sales Whitney Biennial 2002 Vito Acconci Martin Creed won the Turner Prize Palais de Tokyo Opens in Paris At The Galleries Group Shows Theory Aperto Scotland New Voices in Curating IkNOW wHAT yOU dID Last Summer New York Cut Up
505 _aFeatures
_tAuraportarit Darren Almond Signature as Contet Didier Fiuza Faustino Kiki Seror Pil Collins
505 _aGlobal Art
_rLina Bertucci
505 _aOuvertures
_rMelik Ohanian
505 _aSpotlights
_tCasino 2001 Form Follows Fiction
505 _aFlash Art Reviews
650 _2Tesauro de Arte & Arquitectura
_aCATALOGO
650 _2Tesauro de Arte & Arquitectura
_aREVISTA
650 _2Tesauro de Arte & Arquitectura
_aARTE INTERNACIONAL
650 _2Tesauro de Arte & Arquitectura
_aCRITICA
942 _2ddc
_c1
_h708
_iK82f
_n0
999 _c3566
_d3566